Music Quiz

Random Music Quiz
Score 0/28 Timer 02:00
0 Plays Today
% Correct
Robert
94.7%
Fletcher
88.6%
Thomas
88.2%
Jack and Ben
87.6%
Lauren
85.1%
Mali
84.9%
Gordon
84.1%
Harry
82.7%
July 7
81.1%
January 25
78.7%
July 16
78.2%
Molly
77.4%
Blue
76.9%
Camp Rock
76.6%
% Correct
Dragon Ball Z
76.1%
Red
72.4%
November 20
72.1%
Green
67.1%
Ariana Grande
66.3%
Penguin
66.2%
Dog
62%
Baby Blue
61.4%
Spagetti
60.4%
Pasta
58.8%
Ketchup
57.4%
iPhone 5
54.9%
Pony
47.9%
Chicken
43.6%
Remove Ads.
Support Sporcle.
Get the best of Sporcle when you Go Orange. This ad-free experience offers more features, more stats, and more fun while also helping to support Sporcle. Thank you for becoming a member.

You're not logged in!

Compare scores with friends on all Sporcle quizzes.
OR
Log In

Show Comments

Extras

Created Dec 22, 2014ReportNominate
Tags:5 Seconds of Summer, 5sos

Top Quizzes Today


Score Distribution

Your Account Isn't Verified!

In order to create a playlist on Sporcle, you need to verify the email address you used during registration. Go to your Sporcle Settings to finish the process.

Report this User

Report this user for behavior that violates our Community Guidelines.

Details: